| 000 | 00551pab a2200169 454500 | ||
|---|---|---|---|
| 008 | 180718b2015 xxu||||| |||| 00| 0 eng d | ||
| 100 | _aPandla, Kapil | ||
| 245 | _aRelation between perceived organisational support and counterproductive workplace behaviour: moderating role of corporate social performance | ||
| 260 | _c2015 | ||
| 300 | _ap.29-35. | ||
| 362 | _aJan-Mar | ||
| 650 | _aOrganizational behaviour | ||
| 650 | _aOrganizations | ||
| 700 | _aSharma, Manisha | ||
| 773 | _aIndian Journal of Training and Development | ||
| 909 | _a108271 | ||
| 999 |
_c108266 _d108266 |
||